[Event "Reykjavik Open 2025"]
[Site "Reykjavik"]
[Date "2025.04.14"]
[Round "8.134"]
[White "Estevez Sacristan, Deva"]
[Black "Agustsson, Egill Steinar"]
[Result "1-0"]
[WhiteElo "1958"]
[WhiteTitle "CM"]
[WhiteFideId "32041101"]
[BlackElo "1811"]
[BlackFideId "2308118"]
[Variant "Standard"]
[StudyName "Ropen 2025 - Rd8 - Boards 109-172"]
1. e4 e6 2. d4 d5 3. Nd2 Nf6 4. e5 Nfd7 5. Ngf3 c5 6. c3 Nc6 7. Bd3 cxd4 8. cxd4 Be7 9. O-O O-O 10. Re1 h6 11. Nf1 Re8 12. a3 Nf8 13. b4 a6 14. Ng3 Bd7 15. Bb2 Rc8 16. Nd2 Na7 17. f4 Bb5 18. Bc2 Bc4 19. f5 f6 20. fxe6 fxe5 21. Qg4 Bg5 22. Nf5 Nxe6 23. Rxe5 Qf6 24. Nxc4 Rxc4 25. Bb3 Rf8 26. Bxc4 dxc4 27. d5 Nf4 28. Rf1 h5 29. Qd1 Nb5 30. Rxf4 Bxf4 31. Ne7+ Kf7 32. Rf5 c3 33. Qe2 cxb2 34. Qxb2 Kxe7 35. Qe2+ Kf7 36. Rxf4 g6 37. Rxf6+ Kxf6 38. a4 Nc7 39. Qf3+ Ke7 40. d6+ 1-0

[Event "Reykjavik Open 2025"]
[Site "Reykjavik"]
[Date "2025.04.14"]
[Round "8.135"]
[White "Alfaro Guillen, Jose Raul"]
[Black "Eiriksson, Sigurdur"]
[Result "1-0"]
[WhiteElo "1956"]
[WhiteFideId "6501966"]
[BlackElo "1810"]
[BlackFideId "2302314"]
[Variant "Standard"]
[StudyName "Ropen 2025 - Rd8 - Boards 109-172"]
1. e4 e6 2. d4 d5 3. Nd2 c5 4. exd5 exd5 5. Ngf3 Bd6 6. dxc5 Bxc5 7. Be2 Ne7 8. O-O O-O 9. Nb3 Bb6 10. Nbd4 Nbc6 11. Be3 Bg4 12. c3 Rc8 13. Qa4 Bd7 14. Qc2 h6 15. Rad1 Re8 16. Qd2 Nxd4 17. Nxd4 Bc6 18. Bg4 Bd7 19. Bf3 Bc6 20. Rfe1 Qd6 21. Bg4 Rcd8 22. Bf4 Qg6 23. Be2 Qf6 24. Bd3 Ng6 25. Be3 Ne5 26. Bb1 Ng6 27. Qd3 Rd7 28. Nxc6 bxc6 29. Bxb6 Rxe1+ 30. Rxe1 axb6 31. Re8+ Kh7 32. g3 Rd8 33. Rxd8 Qxd8 34. h4 Kg8 35. Qe3 Ne7 36. Qd3 g6 37. h5 Qd6 38. Qe3 Qe6 39. hxg6 Qxe3 40. gxf7+ Kxf7 41. fxe3 Kf6 42. Kf2 Nc8 43. Kf3 Nd6 44. Bd3 Nf7 45. a4 Ke5 46. b4 Kd6 47. Kf4 1-0

[Event "Reykjavik Open 2025"]
[Site "Reykjavik"]
[Date "2025.04.14"]
[Round "8.136"]
[White "Haraldsson, Haraldur"]
[Black "Chaney, Ari"]
[Result "1-0"]
[WhiteElo "1954"]
[WhiteFideId "2311100"]
[BlackElo "1798"]
[BlackFideId "30970172"]
[Variant "Standard"]
[StudyName "Ropen 2025 - Rd8 - Boards 109-172"]
1. e4 c5 2. Nf3 e6 3. d4 cxd4 4. Nxd4 a6 5. c4 Nf6 6. Nc3 Bb4 7. Bd3 (7. Be3) 7... Bxc3+ 8. bxc3 Qa5 9. Bd2 O-O 10. O-O d6 11. a4 Nbd7 12. Nb3 Qd8 13. Re1 e5 14. Be3 b6 15. f3 a5 16. Nd2 Nc5 17. Qe2 Be6 18. Bg5 h6 19. Bh4 g6 20. Nf1 Kg7 21. Ne3 Qc7 22. Bxf6+ Kxf6 23. Nd5+ Bxd5 24. cxd5 Kg7 25. Qc2 Rab8 26. Bb5 Ra8 27. Bc6 Ra6 28. Rab1 Rc8 29. Rf1 Rf8 30. g3 Qe7 31. Qe2 Qc7 32. f4 f6 33. f5 g5 34. h4 Rh8 35. hxg5 hxg5 36. Kg2 Qf7 37. Rh1 Rxh1 38. Rxh1 Ra7 39. Kf3 Kf8 40. Rh8+ Kg7 41. Qh2 1-0

[Event "Reykjavik Open 2025"]
[Site "Reykjavik"]
[Date "2025.04.14"]
[Round "8.137"]
[White "Sigurdsson, Smari"]
[Black "Gayon, Benoit"]
[Result "0-1"]
[WhiteElo "1807"]
[WhiteFideId "2304210"]
[BlackElo "1953"]
[BlackFideId "632040"]
[Variant "Standard"]
[StudyName "Ropen 2025 - Rd8 - Boards 109-172"]
1. e4 e5 2. Nf3 Nc6 3. Bb5 f5 4. d3 fxe4 5. dxe4 Nf6 6. O-O Bc5 7. Nc3 d6 8. h3 O-O 9. Bg5 h6 10. Bh4 g5 11. Bg3 Nh5 12. Bc4+ Kg7 13. Bh2 Nf4 14. Na4 Nd4 15. Nxd4 Bxd4 16. c3 Bb6 17. Nxb6 axb6 18. Bxf4 gxf4 19. Qf3 Qh4 20. Be2 Be6 21. a3 Kg6 22. Rfe1 h5 23. Bf1 Kh6 24. Kh2 Bg4 25. Qd3 Qxf2 26. Kh1 Be6 27. Re2 Qh4 28. Rd2 Rg8 29. Qf3 Rg3 30. Qf2 Rag8 31. Rd3 Rxh3+ 0-1

[Event "Reykjavik Open 2025"]
[Site "Reykjavik"]
[Date "2025.04.14"]
[Round "8.138"]
[White "Skjoldager, Nicklas"]
[Black "Bloem, Milan"]
[Result "1-0"]
[WhiteElo "1953"]
[WhiteFideId "1408720"]
[BlackElo "1773"]
[BlackFideId "40108244"]
[Variant "Standard"]
[StudyName "Ropen 2025 - Rd8 - Boards 109-172"]
1. e4 Nf6 2. e5 Nd5 3. c4 Nb6 4. d4 d6 5. exd6 exd6 6. Bd3 Nc6 7. Be3 g6 8. a3 Bg7 9. Ne2 Bg4 10. f3 Qe7 11. Bf2 Bd7 12. O-O O-O 13. Nbc3 Rfe8 14. Qc2 a5 15. b3 Bh6 16. c5 dxc5 17. dxc5 Nc8 18. Nd5 Qd8 19. Nec3 Be6 20. Bc4 Bf5 21. Ne4 Bxe4 22. fxe4 Ne5 23. Rad1 Nd7 24. Bd4 c6 25. Nf6+ Nxf6 26. Bxf6 Qc7 27. Bb2 Bf4 28. g3 Bxg3 29. Bxf7+ Qxf7 30. Rxf7 Kxf7 31. Rf1+ Ke6 32. hxg3 Ne7 33. Qd3 1-0

[Event "Reykjavik Open 2025"]
[Site "Reykjavik"]
[Date "2025.04.14"]
[Round "8.139"]
[White "Mlynek, Maksymilian"]
[Black "Abramov, Artem"]
[Result "0-1"]
[WhiteElo "1798"]
[WhiteFideId "21013942"]
[BlackElo "1948"]
[BlackFideId "4192451"]
[Variant "Standard"]
[StudyName "Ropen 2025 - Rd8 - Boards 109-172"]
1. Nf3 d5 2. d4 Nf6 3. e3 c6 4. Nbd2 Bf5 5. b3 h6 6. Ne5 e6 7. Be2 Nbd7 8. f4 Ne4 9. Nxe4 Bxe4 10. O-O Be7 11. Bd3 Nf6 12. Bb2 g6 13. Qe1 h5 14. Qe2 Bd6 15. Rac1 Rc8 16. c4 Bxd3 17. Qxd3 Bxe5 18. fxe5 Ne4 19. cxd5 exd5 20. Rf4 Qe7 21. Rcf1 O-O 22. Bc3 Qa3 23. Be1 Rce8 24. Qe2 Re6 25. Bh4 c5 26. Rxe4 dxe4 27. Bf6 cxd4 28. exd4 Rc8 29. Qe3 Kh7 30. Bg5 Rc7 31. Qxe4 Rd7 32. Be3 Qd6 33. Qh4 Qe7 34. Bg5 Qb4 35. Be3 Rxe5 36. Qf4 Re6 37. Qh6+ Kg8 38. Rc1 Qf8 39. Qf4 Qe8 40. Bf2 Re4 41. Qf6 Re6 42. Qf3 Qd8 43. h3 Rd5 44. Bh4 Qd7 45. Bf2 Kg7 46. Rd1 Rf5 47. Qc3 Qd5 48. Rd3 Re2 49. Rf3 Rxf3 50. gxf3 Rxa2 51. Kf1 Kh7 52. Qe3 Qe6 0-1

[Event "Reykjavik Open 2025"]
[Site "Reykjavik"]
[Date "2025.04.14"]
[Round "8.140"]
[White "Lenz, Joshua"]
[Black "Gilbert, Alistair"]
[Result "1/2-1/2"]
[WhiteElo "1944"]
[WhiteFideId "16256956"]
[BlackElo "1797"]
[BlackFideId "343419160"]
[Variant "Standard"]
[StudyName "Ropen 2025 - Rd8 - Boards 109-172"]
1. e4 c6 2. d4 d5 3. exd5 cxd5 4. c4 Nf6 5. Nc3 Nc6 6. Nf3 g6 7. cxd5 Nxd5 8. Bc4 Nxc3 9. Qb3 Nd5 10. Bxd5 e6 11. Bxc6+ bxc6 12. O-O Qd5 13. Qc2 Bg7 14. Be3 O-O 15. Rfd1 Bb7 16. a3 a5 17. b3 Rfd8 18. Rac1 h6 19. h3 Rac8 1/2-1/2

[Event "Reykjavik Open 2025"]
[Site "Reykjavik"]
[Date "2025.04.14"]
[Round "8.141"]
[White "Grettisson, Arnar Breki"]
[Black "Soderberg, Kevin"]
[Result "1-0"]
[WhiteElo "1794"]
[WhiteFideId "2322790"]
[BlackElo "1944"]
[BlackFideId "1719726"]
[Variant "Standard"]
[StudyName "Ropen 2025 - Rd8 - Boards 109-172"]
1. e4 c5 2. Nf3 g6 3. d4 cxd4 4. Nxd4 Bg7 5. Nc3 Nc6 6. Be3 Nf6 7. f3 O-O 8. Qd2 d5 9. Nxc6 bxc6 10. O-O-O Qc7 11. h4 dxe4 12. Bc4 exf3 13. gxf3 h5 14. Bh6 Bf5 15. Bxg7 Kxg7 16. Rdg1 e6 17. Ne2 Nd5 18. Ng3 Kh7 19. Bxd5 cxd5 20. Nxf5 exf5 21. Qxd5 Rfd8 22. Qb3 a5 23. Rd1 a4 24. Qb4 Rdc8 25. Rd2 a3 26. b3 Qc3 27. Qxc3 Rxc3 28. Rd3 Rxd3 29. cxd3 Kg7 30. Kd2 Kf6 31. f4 Ke6 32. Rc1 Kd6 33. b4 f6 34. Rg1 Rg8 35. Kc3 g5 36. hxg5 fxg5 37. fxg5 Ke5 38. g6 Kf4 39. Rh1 Kg4 40. g7 h4 41. Kd4 h3 42. Ke5 Re8+ 43. Kf6 f4 44. Kf7 Rb8 45. g8=Q+ Rxg8 46. Kxg8 f3 47. b5 Kg3 48. b6 Kg2 49. Rc1 h2 50. b7 1-0

[Event "Reykjavik Open 2025"]
[Site "Reykjavik"]
[Date "2025.04.14"]
[Round "8.142"]
[White "Benavente, Christian"]
[Black "Pearce, Tim"]
[Result "0-1"]
[WhiteElo "1938"]
[WhiteFideId "1636928"]
[BlackElo "1762"]
[BlackFideId "3217833"]
[Variant "Standard"]
[StudyName "Ropen 2025 - Rd8 - Boards 109-172"]
1. d4 d5 2. Nf3 Nf6 3. g3 c6 4. Bg2 g6 5. O-O Bg7 6. c4 dxc4 7. Ne5 Be6 8. Qa4 O-O 9. Rd1 Bd5 10. f3 b5 11. Qc2 Qb6 12. Kh1 Nbd7 13. Bf4 Rad8 14. Nc3 Nh5 15. e4 Nxf4 16. gxf4 Nxe5 17. fxe5 Be6 18. Ne2 a5 19. f4 Bg4 20. d5 Qe3 21. Re1 Bxe2 22. Rxe2 Qxf4 23. a4 Bxe5 24. Bh3 cxd5 25. axb5 d4 26. Rf1 Qh4 0-1

[Event "Reykjavik Open 2025"]
[Site "Reykjavik"]
[Date "2025.04.14"]
[Round "8.143"]
[White "Zamvar, Vipin"]
[Black "Sonne, Lasse"]
[Result "0-1"]
[WhiteElo "1733"]
[WhiteFideId "2403749"]
[BlackElo "1929"]
[BlackFideId "1477161"]
[Variant "Standard"]
[StudyName "Ropen 2025 - Rd8 - Boards 109-172"]
1. d4 f5 2. g3 Nf6 3. Bg2 g6 4. Nf3 Bg7 5. c4 d6 6. Bg5 Nbd7 7. O-O Ne4 8. Qd3 O-O 9. Nc3 Nxc3 10. Qxc3 h6 11. Be3 Qe8 12. h4 e5 13. Qd2 e4 14. Nh2 Kh7 15. Rad1 c6 16. f3 Nf6 17. f4 d5 18. c5 Nh5 19. Qe1 Qe7 20. Bh3 Bf6 21. Kg2 Nxg3 22. Rg1 Nh5 23. Qd2 Bxh4 24. Nf1 g5 25. fxg5 f4 26. Bf2 0-1

[Event "Reykjavik Open 2025"]
[Site "Reykjavik"]
[Date "2025.04.14"]
[Round "8.144"]
[White "Landmark, Gabriel"]
[Black "Winter, Kevin"]
[Result "1-0"]
[WhiteElo "1927"]
[WhiteFideId "2524848"]
[BlackElo "1751"]
[BlackFideId "421960"]
[Variant "Standard"]
[StudyName "Ropen 2025 - Rd8 - Boards 109-172"]
1. e4 d6 2. d4 Nf6 3. Bd3 e5 4. Ne2 c6 5. O-O Nbd7 6. b3 Be7 7. Bb2 O-O 8. Nd2 Qc7 9. dxe5 dxe5 10. a4 Re8 11. a5 Bf8 12. Nc4 Rb8 13. f4 Bc5+ 14. Kh1 Ng4 15. Qe1 exf4 16. Rxf4 Nde5 17. h3 Ne3 18. Nxe5 Rxe5 19. Qg3 g5 20. Rf3 Bd6 21. Rxe3 Rxa5 22. e5 Rxa1+ 23. Bxa1 Be7 24. Nc3 Qa5 25. Bb2 Be6 26. Ne4 Kh8 27. Nxg5 Rg8 28. Nxf7+ 1-0

[Event "Reykjavik Open 2025"]
[Site "Reykjavik"]
[Date "2025.04.14"]
[Round "8.145"]
[White "Tirronen, Esa"]
[Black "Villamar, Eros"]
[Result "1-0"]
[WhiteElo "1923"]
[WhiteFideId "1735810"]
[BlackElo "1747"]
[BlackFideId "2645866"]
[Variant "Standard"]
[StudyName "Ropen 2025 - Rd8 - Boards 109-172"]
1. d4 e6 2. c4 f5 3. Nc3 Nf6 4. Bg5 Be7 5. e3 O-O 6. Nf3 c6 7. Qc2 d5 8. Be2 b6 9. Ne5 Bb7 10. O-O Nbd7 11. f4 Rc8 12. cxd5 cxd5 13. Qa4 a5 14. Rac1 Nxe5 15. fxe5 Ne4 16. Bxe7 Qxe7 17. Nxe4 fxe4 18. Bb5 Qg5 19. Qa3 Rxf1+ 20. Rxf1 h5 21. Bd7 Rc2 22. Bxe6+ Kh7 23. Bf5+ Kg8 24. Bh3 Kh7 25. Qb3 Re2 26. g3 h4 27. Rf5 Qg6 28. Rf4 hxg3 29. Bf5 gxh2+ 30. Kh1 Re1+ 31. Kxh2 Re2+ 32. Kh3 Bc8 33. Rh4+ Kg8 34. Qxd5+ Kf8 35. Rh8+ Ke7 36. Qd8+ Kf7 37. Rf8# 1-0

[Event "Reykjavik Open 2025"]
[Site "Reykjavik"]
[Date "2025.04.14"]
[Round "8.146"]
[White "Winnubst, Paul"]
[Black "Eiriksson, Theodor"]
[Result "1/2-1/2"]
[WhiteElo "1906"]
[WhiteFideId "40101460"]
[BlackElo "1742"]
[BlackFideId "2322277"]
[Variant "Standard"]
[StudyName "Ropen 2025 - Rd8 - Boards 109-172"]
1. d4 d5 2. c4 e6 3. Nf3 a6 4. Bg5 Be7 5. Bxe7 Nxe7 6. e3 O-O 7. Nc3 dxc4 8. Bxc4 Nd7 9. O-O c5 10. a4 cxd4 11. exd4 Nf6 12. Re1 Nc6 13. Qd3 Nb4 14. Qe2 Qc7 15. Rac1 Bd7 16. Ne5 Bc6 17. Nxf7 Rxf7 18. Bxe6 Qd6 19. Qc4 Nbd5 20. Re5 Rd8 21. Rce1 Kf8 22. Bxf7 Kxf7 23. Re7+ Qxe7 24. Rxe7+ Kxe7 25. a5 1/2-1/2

[Event "Reykjavik Open 2025"]
[Site "Reykjavik"]
[Date "2025.04.14"]
[Round "8.147"]
[White "Aeschbacher, Gregoire"]
[Black "James, Chris"]
[Result "0-1"]
[WhiteElo "1717"]
[WhiteFideId "651084821"]
[BlackElo "1895"]
[BlackFideId "2404249"]
[Variant "Standard"]
[StudyName "Ropen 2025 - Rd8 - Boards 109-172"]
1. e4 e6 2. d4 d5 3. e5 c5 4. c3 Nc6 5. Nf3 Qb6 6. Bd3 Bd7 7. O-O cxd4 8. Re1 Nh6 9. h4 dxc3 10. Nxc3 a6 11. Na4 Qa7 12. Nc3 Bc5 13. Re2 Ng4 14. Qe1 Rc8 15. Bf4 Nd4 16. Nxd4 Bxd4 17. Kf1 Bxf2 18. Rxf2 Qxf2+ 19. Qxf2 Nxf2 20. Kxf2 b5 21. Ne2 h6 22. Nd4 Ke7 23. Bd2 f6 24. Bb4+ Kf7 25. Bd6 h5 26. Ke3 Rhg8 27. Rf1 f5 28. Nf3 g6 29. Ng5+ Kg7 30. Be7 Rge8 31. Bf6+ Kg8 32. Rf3 Rc1 33. Rg3 Rec8 34. Nf3 Kf7 35. Ng5+ Kg8 36. Nf3 Be8 37. Ng5 Bf7 38. Nxf7 Kxf7 39. Kf4 Rh1 40. Kg5 Rd1 41. Kh6 Rd2 42. a4 Rxb2 43. axb5 axb5 44. Kh7 Rb3 45. Rxg6 Rxd3 46. Rg7+ Ke8 47. Kg8 Rc6 48. Re7+ Kd8 49. Rxe6+ Kd7 50. Re7+ Kc8 51. Re8+ Kb7 52. Bg5 b4 53. e6 b3 54. e7 b2 55. Bf4 Re6 56. Rb8+ Ka7 57. Kf7 Rxe7+ 58. Kxe7 Rb3 0-1

[Event "Reykjavik Open 2025"]
[Site "Reykjavik"]
[Date "2025.04.14"]
[Round "8.148"]
[White "Vreugdenhil, Frans"]
[Black "Fridthjofsdottir, Sigurl. Regina"]
[Result "1/2-1/2"]
[WhiteElo "1892"]
[WhiteFideId "1005634"]
[BlackElo "1743"]
[BlackFideId "2300788"]
[Variant "Standard"]
[StudyName "Ropen 2025 - Rd8 - Boards 109-172"]
1. e4 e6 2. d4 d5 3. e5 c5 4. c3 Nc6 5. Nf3 Bd7 6. Bd3 cxd4 7. cxd4 Rc8 8. a3 a6 9. O-O Nge7 10. Nc3 b5 11. Bg5 Qb6 12. Ne2 h6 13. Bd2 Na5 14. Bb4 Nb7 15. Rc1 Rxc1 16. Qxc1 Nc6 17. Bxf8 Kxf8 18. Qf4 Qd8 19. b4 Ne7 20. Rc1 Nc6 21. Rc2 g5 22. Qf6 Qxf6 23. exf6 Nbd8 24. Rb2 g4 25. Ne5 Nxe5 26. dxe5 Nc6 27. Rc2 Nxe5 28. Rc7 Be8 29. Bc2 Nd7 30. Ra7 Nxf6 31. Rxa6 Ke7 32. Bd3 Bd7 33. Nd4 Rc8 34. g3 Rc1+ 35. Bf1 e5 36. Nb3 Rd1 37. Nc5 Bf5 38. Kg2 Ne4 39. Be2 Rd2 40. Kf1 Nxc5 41. bxc5 Rc2 42. Bxb5 Rxc5 43. a4 Rc2 44. Rc6 Rb2 45. Rc5 Be4 46. Bc6 Bf3 47. Rc1 Ra2 48. Ke1 Kf6 49. Rb1 d4 50. Bxf3 gxf3 51. Rb3 Rxa4 52. Rxf3+ Ke6 53. Rd3 h5 54. h3 Kd5 55. Rf3 Ke6 56. Rb3 f6 57. Rb8 e4 58. Rb5 h4 59. gxh4 Ra3 60. Rb4 Ke5 61. Rb5+ Kf4 62. Rd5 Rxh3 63. Rxd4 Rxh4 64. Ke2 f5 65. Rd8 Rh3 66. Re8 Ra3 67. Rb8 Ra2+ 68. Ke1 Ra3 69. Ke2 Ra5 70. Rc8 Rd5 71. Rg8 Re5 72. Rg7 e3 73. fxe3+ Rxe3+ 74. Kf2 Rb3 75. Ra7 Rb2+ 76. Kf1 Kf3 77. Ra3+ Kg4 78. Rc3 Rb4 79. Ra3 Re4 80. Rb3 Kf4 81. Ra3 Re3 82. Ra2 Rd3 83. Kf2 Rf3+ 84. Kg2 Kg4 85. Ra4+ f4 86. Ra8 Rc3 87. Rg8+ Kf5 88. Rf8+ Ke4 89. Re8+ Kd3 90. Kf3 1/2-1/2

[Event "Reykjavik Open 2025"]
[Site "Reykjavik"]
[Date "2025.04.14"]
[Round "8.149"]
[White "Holcomb, David D"]
[Black "Eliasson, Kristjan Orn"]
[Result "1-0"]
[WhiteElo "1674"]
[WhiteFideId "39928314"]
[BlackElo "1889"]
[BlackFideId "2301784"]
[Variant "Standard"]
[StudyName "Ropen 2025 - Rd8 - Boards 109-172"]
1. d4 d6 2. Nc3 Nf6 3. e4 c6 4. a4 a5 5. Nf3 g6 6. h3 Bg7 7. Be3 O-O 8. Qd2 Qc7 9. Bh6 e5 10. Bxg7 Kxg7 11. Be2 Nh5 12. Nxe5 dxe5 13. Bxh5 exd4 14. Qxd4+ f6 15. Be2 Be6 16. O-O Na6 { [%csl Gc6] } 17. Bxa6 Rxa6 18. Rad1 Raa8 19. Qd6 Qf7 20. b3 h5 21. Ne2 Rae8 22. Nd4 Bc8 23. Qf4 Re5 24. Nf3 Re7 25. Nd2 Rfe8 26. f3 Be6 27. Qe3 Ra8 (27... Rd8 28. Qc5 Ree8 (28... Rde8 29. Rfe1) 29. Rfe1 Qc7 30. Nc4 Qg3) 28. Qc5 Ree8 29. Rfe1 Qc7 30. Nc4 Qg3 31. Qd6 Qg5 32. f4 Qh4 33. Re3 Kh6 34. Rf1 Bxc4 35. bxc4 f5 36. exf5 Rg8 37. Re6 Kh7 38. fxg6+ Kh8 39. Qe5+ Rg7 40. Re8+ Rxe8 41. Qxe8+ Rg8 42. Qe5+ Rg7 43. f5 Qg5 44. Qb8+ Rg8 45. Qxb7 Qe3+ 46. Kh1 Rg7 47. Qxc6 h4 48. Qf6 Qg3 49. Rd1 Qc7 50. Qxh4+ Kg8 51. Rd8+ 1-0

[Event "Reykjavik Open 2025"]
[Site "Reykjavik"]
[Date "2025.04.14"]
[Round "8.150"]
[White "Rosario Almanzar, Raydily"]
[Black "Brynjarsson, Orvar Holm"]
[Result "1-0"]
[WhiteElo "1888"]
[WhiteFideId "6403573"]
[BlackElo "1717"]
[BlackFideId "2321726"]
[Variant "Standard"]
[StudyName "Ropen 2025 - Rd8 - Boards 109-172"]
1. d4 Nf6 2. c4 e6 3. Nc3 Bb4 4. Qc2 b6 5. e4 c5 6. a3 Bxc3+ 7. bxc3 Bb7 8. Bd3 d5 9. cxd5 exd5 10. e5 Nfd7 11. Ne2 h6 12. O-O Nc6 13. Be3 Rc8 14. Qb1 O-O 15. f4 Qe7 16. Ng3 cxd4 17. cxd4 Rcd8 18. Nf5 Qe6 19. Rf3 h5 20. g3 g6 21. Nh6+ Kh8 22. f5 Qe7 23. fxg6 fxg6 24. Bg5 Qg7 25. Bxd8 Qxh6 26. Bg5 Qg7 27. Be3 Ne7 1-0

[Event "Reykjavik Open 2025"]
[Site "Reykjavik"]
[Date "2025.04.14"]
[Round "8.151"]
[White "Hallmundarson, Birkir"]
[Black "Chompas, Vasileios"]
[Result "0-1"]
[WhiteElo "1882"]
[WhiteFideId "2319446"]
[BlackElo "1711"]
[BlackFideId "42142377"]
[Variant "Standard"]
[StudyName "Ropen 2025 - Rd8 - Boards 109-172"]
1. Nf3 Nf6 2. c4 e6 3. d4 Bb4+ 4. Bd2 Qe7 5. g3 Bxd2+ 6. Nbxd2 d6 7. Bg2 e5 8. e3 O-O 9. O-O c6 10. dxe5 dxe5 11. Qc2 Nbd7 12. Rfd1 Re8 13. a3 a5 14. Rab1 a4 15. Nh4 Nc5 16. e4 g6 17. Re1 Be6 18. Nhf3 Qc7 19. Ng5 Nfd7 20. Ndf3 f6 21. Nxe6 Nxe6 22. Rbd1 Ndc5 23. Bh3 Nd8 24. Re2 Nf7 25. Red2 Rad8 26. Kh1 Nd6 27. Re2 Qa5 28. Nd2 Re7 29. Nb1 Nb3 30. Qc3 Qc5 31. Nd2 Nxe4 32. Rxe4 Qxf2 33. Qe3 Qxe3 34. Rxe3 Rxd2 35. Rf1 Kg7 36. g4 Nd4 37. Rb1 Rc2 38. Bf1 Rd2 39. c5 Nb3 40. Rc3 e4 41. Re3 Nxc5 42. h4 Nd3 43. Rbe1 Nf2+ 44. Kg1 Nxg4 45. Rxe4 Rxe4 46. Rxe4 Ne5 47. Rb4 Nf3+ 48. Kh1 Rh2# 0-1

[Event "Reykjavik Open 2025"]
[Site "Reykjavik"]
[Date "2025.04.14"]
[Round "8.152"]
[White "Isleifsson, Runar"]
[Black "Gudbrandsson, Thor Jokull"]
[Result "1-0"]
[WhiteElo "1879"]
[WhiteFideId "2305917"]
[BlackElo "1622"]
[BlackFideId "2332140"]
[Variant "Standard"]
[StudyName "Ropen 2025 - Rd8 - Boards 109-172"]
1. e4 c6 2. d4 d5 3. e5 c5 4. c3 Nc6 5. Nf3 Bg4 6. Be3 cxd4 7. cxd4 e6 8. Be2 Bb4+ 9. Nc3 Nge7 10. O-O Nf5 11. a3 Nxe3 12. fxe3 Be7 13. b4 O-O 14. Qd2 Rc8 15. Rac1 a6 16. Nd1 f6 17. exf6 Bxf6 18. Nf2 Bxf3 19. Bxf3 Ne7 20. Nd3 Rxc1 21. Rxc1 b6 22. Nf4 Qd6 23. Be2 b5 24. g3 Rb8 25. Rc5 Bg5 26. Bg4 Bxf4 27. exf4 g6 28. Qe2 Kf7 29. Qc2 Rb7 30. Kf2 Rb6 31. h4 Rc6 32. Qd3 Kf6 33. Qe3 Kf7 34. Qd3 Ng8 35. Qc2 Ne7 36. h5 Kg7 37. hxg6 hxg6 38. Qe2 Kf7 39. Qe1 Nf5 40. Bxf5 exf5 41. Qe5 Qd7 42. Qh8 Qe6 43. Qh7+ Ke8 44. Qh8+ Kd7 45. Qg7+ Ke8 46. Qb7 Rd6 47. Rc7 Rd7 48. Qc6 Qxc6 49. Rxc6 Kf7 50. Rxa6 Rc7 51. Rd6 Rc2+ 52. Kf1 Rc3 53. Kg2 Rc2+ 54. Kh3 Rc3 55. Rxd5 1-0

[Event "Reykjavik Open 2025"]
[Site "Reykjavik"]
[Date "2025.04.14"]
[Round "8.153"]
[White "Hauksdottir, Hrund"]
[Black "Schouten, Ken Ronny"]
[Result "1-0"]
[WhiteElo "1875"]
[WhiteFideId "2302608"]
[BlackElo "1550"]
[BlackFideId "1533010"]
[Variant "Standard"]
[StudyName "Ropen 2025 - Rd8 - Boards 109-172"]
1. e4 c6 2. d4 d5 3. exd5 cxd5 4. Bd3 Nc6 5. c3 Nf6 6. Nf3 Bg4 7. O-O e6 8. Bg5 Be7 9. Nbd2 Rc8 10. Re1 O-O 11. h3 Bh5 12. Nf1 a6 13. a4 Na5 14. g4 Bg6 15. Bxg6 hxg6 16. N1d2 Nc4 17. Nxc4 Rxc4 18. Ne5 Rc7 19. a5 Nh7 20. Bxe7 Qxe7 21. Kg2 Qe8 22. Qa4 Nf6 23. Qxe8 Rxe8 24. Ra4 Ne4 25. Rb4 Ree7 26. Rb6 Nd2 27. Re2 Nc4 28. Nxc4 Rxc4 29. Rd6 Kf8 30. Re3 Ke8 31. g5 Rec7 32. Rxd5 Rd7 33. Rxd7 Kxd7 34. b3 Rc7 35. Kf3 Kc6 36. Ke2 Kd5 37. Kd3 Kd6 38. c4 Rc6 39. Re2 b6 40. axb6 Rxb6 41. Kc3 Rb7 42. Ra2 Ra7 43. Ra5 Kc6 44. b4 Kb6 45. c5+ Kb7 46. Kc4 f5 47. b5 axb5+ 48. Kxb5 Rxa5+ 49. Kxa5 Kc6 50. Kb4 f4 51. f3 Kb7 52. Kb5 Kc7 53. c6 1-0

[Event "Reykjavik Open 2025"]
[Site "Reykjavik"]
[Date "2025.04.14"]
[Round "8.154"]
[White "Borne, Milan"]
[Black "Frey, Charles F"]
[Result "1-0"]
[WhiteElo "1673"]
[WhiteFideId "652011941"]
[BlackElo "1871"]
[BlackFideId "2027755"]
[Variant "Standard"]
[StudyName "Ropen 2025 - Rd8 - Boards 109-172"]
1. d4 Nf6 2. c4 e6 3. Nf3 d5 4. g3 Bb4+ 5. Bd2 Be7 6. Bg2 O-O 7. O-O Nbd7 8. Nc3 c6 9. Qc2 h6 10. Ne1 dxc4 11. e4 Nb6 12. Ne2 c5 13. dxc5 Bxc5 14. a4 a5 15. Rd1 Qc7 16. Nc3 Bd7 17. Nf3 e5 18. Nh4 Kh7 19. Kh1 Ng4 20. Bc1 g6 21. h3 Nxf2+ 22. Rxf2 Bxf2 23. Qxf2 Bc6 24. Nd5 Nxd5 25. exd5 Bxa4 26. Rf1 f5 27. Qd2 Qg7 28. d6 e4 29. Qe3 Bc6 30. Bd2 b5 31. Bc3 Qd7 32. g4 fxg4 33. Rxf8 Rxf8 34. Bxe4 Bxe4+ 35. Qxe4 Qf7 36. Qxg4 Qf1+ 37. Kh2 Rf2+ 38. Ng2 h5 39. Qd7+ Rf7 40. Qe8 g5 41. d7 g4 42. d8=Q 1-0

[Event "Reykjavik Open 2025"]
[Site "Reykjavik"]
[Date "2025.04.14"]
[Round "8.155"]
[White "Hermannsson, Sigurbjorn"]
[Black "Tomasdottir, Katrin Osk"]
[Result "1-0"]
[WhiteElo "1870"]
[WhiteFideId "2325128"]
[BlackElo "1485"]
[BlackFideId "2331560"]
[Variant "Standard"]
[StudyName "Ropen 2025 - Rd8 - Boards 109-172"]
1. e4 c5 2. Nf3 e6 3. d4 cxd4 4. Nxd4 Nc6 5. Nc3 a6 6. f4 Qc7 7. Nxc6 Qxc6 8. Bd3 Be7 9. Qe2 Nf6 10. Bd2 b5 11. a3 Bb7 12. O-O-O Rc8 13. g4 b4 14. axb4 Bxb4 15. Rhe1 Qc5 16. g5 Ng8 17. Bxa6 Ba3 18. Bxb7 Qb4 19. Qb5 Bxb2+ 20. Kb1 Bxc3+ 21. Qxb4 Bxb4 22. Bxc8 Bc5 23. Bc3 Ne7 24. Bxg7 Rg8 25. Bxd7+ Kd8 26. Be5 Ng6 27. Bxe6+ Ke7 28. Bf6+ Ke8 29. Rd8# 1-0